| 000 | 00759nam a22002417a 4500 | ||
|---|---|---|---|
| 999 |
_c33588 _d33588 |
||
| 001 | 2846 | ||
| 003 | CO-MdFUSB | ||
| 005 | 20180622073124.0 | ||
| 008 | 171123t1983 sp ||||| |||| 00| 0 spa d | ||
| 020 | _a84-7228-800-5 | ||
| 040 |
_aCO-MdFUSB _bspa _cCO-MdFUSB _dCO-MdFUSBC _erda |
||
| 041 | 0 | _aspa | |
| 082 | 0 | 4 | _aG 226.5 M6121a |
| 100 | 1 |
_aMeyer, F. B. (Frederick Brotherton) (1847-1929) _eautor |
|
| 245 | 1 | 0 |
_aAmor hasta lo sumo _b : Comentario de Juan cap. 13-21 _c/ F. B. Meyer |
| 264 | 1 |
_aTerrassa, Barcelona, España : _bCLIE, _c[1983] |
|
| 300 | _a310 Pag | ||
| 336 |
_2rdacontent _atexto _btxt |
||
| 337 |
_2rdamedia _asin mediación _bn |
||
| 338 |
_2rdacarrier _avolumen _bnc |
||
| 653 | _aInterpretación de la Biblia N.T. - Juan | ||
| 942 | _cBK | ||